| 000 | 01186nam a2200337 i 4500 | ||
|---|---|---|---|
| 001 | 19690 | ||
| 003 | KOSZ 005 | ||
| 005 | 20220314124804.0 | ||
| 008 | 000114s1980 pl a f e |000 0 pol | ||
| 015 | _aPB 1981/2883 | ||
| 020 | _a8301012943 | ||
| 035 | _a(OCoLC)749430498 | ||
| 040 |
_aWA N _cWA N _dKOSZ 005/EG |
||
| 041 | 1 |
_apol _hger |
|
| 046 | _k1980 | ||
| 080 | _a53 | ||
| 080 | _a(03) | ||
| 245 | 0 | 0 |
_aStruktura materii : _bprzewodnik encyklopedyczny / _c[aut. Bär Hans-Joachim et al. ; tł. z niem. Włodzimierz Zych et al.]. |
| 246 | 1 |
_iTyt. oryg.: _aAtom - Structur der Materie, _f1970. |
|
| 260 |
_aWarszawa : _bPańst. Wydaw. Naukowe, _c1980. |
||
| 300 |
_a817, [2] s., [48] k. tabl. (w tym kolor.) : _bil., portr., tab., wykr. ; _c25 cm. |
||
| 380 | _aKsiążki. | ||
| 658 | _aFizyka i astronomia | ||
| 655 | 4 | _aEncyklopedia | |
| 650 | 4 | _aMateria | |
| 700 | 1 |
_aBär, Hans-Joachim. _eAutor |
|
| 710 | 2 |
_aPaństwowe Wydawnictwo Naukowe _4pbl. |
|
| 700 | 1 |
_aZych, Włodzimierz _d(1929- ) _eTłumaczenie |
|
| 856 |
_uhttp://koha.tu.koszalin.pl/cgi-bin/koha/opac-detail.pl?biblionumber=19690 _yKatalog online BPK |
||
| 942 |
_2UKD _cKS |
||
| 999 |
_c19690 _d19690 |
||